Pesadilla.

Trabajo realizado por alumnos de 5º año D turno tarde de la Escuela Superior de Comercio, 1992. Tema: Descuento de documentos.

Guardado en:
Formato: Deslizar
Materias:
ESC
Etiquetas: Agregar Etiqueta
Sin Etiquetas, Sea el primero en etiquetar este registro!
LEADER 00775ngm a22002295g 4500
001 CEM.cems021845
008 130507b1992##################0###0#####d
005 20240917133904.0
245 0 0 |a Pesadilla. 
300 |a 29'. 
500 |a En soporte VHS, consultar en ventanilla. 
538 |a Soporte: VHS - Norma: Pal N - Color - Grabación DRD 1992 - Hitachi=3410 
520 |a Trabajo realizado por alumnos de 5º año D turno tarde de la Escuela Superior de Comercio, 1992. Tema: Descuento de documentos. 
082 6 5 |/ DRD-3 
653 |a CONTABILIDAD 
653 |a DIDACTICA 
653 |a BAHIA BLANCA-EMUNS 
653 |a EMUNS 
653 |a ESC 
653 |a EPUNS 
653 |a NIVEL SECUNDARIO 
859 |a CEMS  |b BIB. CEMS - Depto. Recursos Didacticos  |h 657  |i DRD-3  |k DRD  |p 488.12  |t Ej.1